00551nam a2200145Ia 4500008004100000020001800041041000800059082001500067100002500082245020300107250000600310260004400316300000800360650003700368210716s2011 xx 000 0 und d a9788184952537 aeng a657.3 THOM aThomsett, Michael C. aPractical guide to annual reports: interpret understand the true capital strength and growth potential of companies.bInterpret understand the true capital strength and growth potential of companies a1 aNew DelhibJaico Publishing Housec2011 a242 aFinancial Reporting and Analyais